Cultura escrita y educación: conversaciones de Emilia Ferreiro con José Antonio Castorina, Daniel Goldin y Rosa María Torres.

Saved in:
Bibliographic Details
Main Author: Ferreiro Schiavi, Emilia (autor)
Format: Book
Language:Spanish
Published: Ciudad de México, México: Fondo de Cultura Económica, 1999.
Series:Colección Espacios para la Lectura.
Subjects:
Tags: Add Tag
No Tags, Be the first to tag this record!

MARC

LEADER 00000nam a2200000 a 4500
001 UCP6208
003 CL-VaPUC
005 20240820111955.0
008 991015t19990000MX |||||||||||||||||spa|d
020 |a 9681659732 
040 |c Pontificia Universidad Católica de Valparaíso 
082 0 7 |a 302.224 FER 1999  |b FER  |2 22 
100 |a Ferreiro Schiavi, Emilia  |e autor  |9 590820 
245 1 0 |a Cultura escrita y educación:   |b conversaciones de Emilia Ferreiro con José Antonio Castorina, Daniel Goldin y Rosa María Torres. 
260 |a Ciudad de México, México:  |b Fondo de Cultura Económica,  |c 1999. 
300 |a 262 páginas. 
490 0 |a Colección Espacios para la Lectura. 
583 |a last modification  |c 19991015 00:00:00  |k Rodrigo Vera 
650 0 |a Alfabetización   |9 310435 
650 0 |a Aprendizaje   |9 254827 
650 0 |a Educación  |9 258661 
650 0 |a Escritura  |9 264941 
650 0 |a Medios de comunicación  |9 257206 
650 0 |a Multiculturalismo  |2 CL-VaPUC  |9 435149 
650 0 |a Multilingüismo  |9 416318 
650 0 |a Sistemas de escritura  |2 CL-VaPUC  |9 345843 
650 0 |a Técnicas de comunicación  |2 CL-VaPUC  |9 334811 
942 |c BK  |2 ddc 
945 |d 19991015 00:00:00  |a vberengu 
999 |c 283813  |d 283811 
952 |0 0  |1 0  |4 0  |6 302_224000000000000_FER_1999  |7 0  |8 A  |9 327279  |a FDOPOS  |b FDOPOS  |d 2019-11-20  |i 3548406  |o 302.224 FER 1999  |p 3548406  |r 2025-01-22  |w 2019-11-20  |y BK  |k MLA 
952 |0 0  |1 0  |4 0  |6 302_224000000000000_FER_1999  |7 0  |8 A  |9 327280  |a BIBEDU  |b BIBEDU  |d 2019-11-20  |i 4065735  |o 302.224 FER 1999  |p 4065735  |r 2019-11-20  |w 2019-11-20  |y BK  |k PAR